Assassin's Creed (Запись № 12718902)

Подробности
000 -МАРКЕР
контрольное поле 01919nam1a2200433 i 4500
001 - ИДЕНТИФИКАТОР ЗАПИСИ
контрольное поле RU\NLR\BIBL_A\012648482
005 - ИДЕНТИФИКАТОР ВЕРСИИ
контрольное поле 20240922054913.0
010 ## - МЕЖДУНАРОДНЫЙ СТАНДАРТНЫЙ НОМЕР КНИГИ (ISBN)
Номер (ISBN) 9785171362034
035 ## - ДРУГИЕ СИСТЕМНЫЕ НОМЕРА
Идентификатор записи (NLR Aleph) 012648482
100 ## - ДАННЫЕ ОБЩЕЙ ОБРАБОТКИ
Данные общей обработки 20211123g2021 um y0rusy50 ca
101 1# - ЯЗЫК РЕСУРСА
Язык текста, звукозаписи и т.д. русский
Язык оригинала японский
102 ## - СТРАНА ПУБЛИКАЦИИ ИЛИ ПРОИЗВОДСТВА
Страна публикации Российская Федерация
105 ## - ПОЛЕ КОДИРОВАННЫХ ДАННЫХ: ТЕКСТОВЫЕ МАТЕРИАЛЫ, МОНОГРАФИЧЕСКИЕ
Кодированные данные о монографическом текстовом документе ||||t||||||||
181 #0 - ПОЛЕ КОДИРОВАННЫХ ДАННЫХ: ВИД СОДЕРЖАНИЯ
Код вида содержания (ISBD) b3
Код характеристики содержания (ISBD) bb2e
181 #0 - ПОЛЕ КОДИРОВАННЫХ ДАННЫХ: ВИД СОДЕРЖАНИЯ
Код вида содержания (ISBD) i1
Код характеристики содержания (ISBD) ab2e
182 #0 - ПОЛЕ КОДИРОВАННЫХ ДАННЫХ: ТИП СРЕДСТВА
Код типа средства (ISBD) n - непосредственное
200 1# - ЗАГЛАВИЕ И СВЕДЕНИЯ ОБ ОТВЕТСТВЕННОСТИ
Основное заглавие Assassin's Creed
Наименование части Меч Шао Цзюнь
Сведения, относящиеся к заглавию [манга]
-- по мотивам оригинальной видеоигры Ubisoft
Первые сведения об ответственности [Минодзи Курата
Последующие сведения об ответственности переводчик с японского: Наталья Румак]
-- художник: Минодзи Курата
203 ## - ВИД СОДЕРЖАНИЯ И ТИП СРЕДСТВА
Вид содержания Изображение
-- Текст
Дополнительные сведения об издании визуальные
Тип средства непосредственные
210 ## - ПУБЛИКАЦИЯ, РАСПРОСТРАНЕНИЕ И ДР.
Место издания, распространения и т.д. Москва
Имя издателя, распространителя и т. д. АСТ
Дата издания, распространения и т.д. 2021
215 ## - ФИЗИЧЕСКАЯ ХАРАКТЕРИСТИКА
Размеры 21
225 1# - СЕРИЯ
Основное заглавие серии Серия "Манга. Assassin's Creed"
300 ## - ОБЩИЕ ПРИМЕЧАНИЯ
Текст примечания Авт. указан на концевой тит. с.
300 ## - ОБЩИЕ ПРИМЕЧАНИЯ
Текст примечания На с. 2: По мотивам ориг. видеоигры Assassin's Creed Chronicles: China от Ubisoft!
333 ## - ПРИМЕЧАНИЯ ОБ ОСОБЕННОСТЯХ РАСПРОСТРАНЕНИЯ И ИСПОЛЬЗОВАНИЯ
Текст примечания 18+
500 10 - УНИФИЦИРОВАННОЕ ЗАГЛАВИЕ
Графика поля Латинская
Унифицированное заглавие Assassin's Creed
Сведения, относящиеся к заглавию/сведения о виде, жанре, характере документа Компьютерная игра
Системный номер авторитетной/нормативной записи 2636958
Идентификатор авторитетной / нормативной записи RU\NLR\AUTH\5505985
686 1# - ИНДЕКСЫ ДРУГИХ КЛАССИФИКАЦИЙ
Индекс Ш6(5Я)67-440.4комикс{Лх2318-45комикс}
686 0# - ИНДЕКСЫ ДРУГИХ КЛАССИФИКАЦИЙ
Индекс Щ153(5Я)65-475
700 #1 - ИМЯ ЛИЦА - ПЕРВИЧНАЯ ОТВЕТСТВЕННОСТЬ
Графика поля Кириллица
Материалы, к которым относится поле rus
Начальный элемент ввода Курата
Часть имени, кроме начального элемента ввода М.
Расширение инициалов личного имени Минодзи
Системный номер авторитетной/нормативной записи 237149
Идентификатор авторитетной/нормативной записи RU\NLR\AUTH\770237205
702 #1 - ИМЯ ЛИЦА - ВТОРИЧНАЯ ОТВЕТСТВЕННОСТЬ
Код отношения Карикатурист, Художник
Графика поля Кириллица
Материалы, к которым относится поле rus
Начальный элемент ввода Курата
Часть имени, кроме начального элемента ввода М.
Расширение инициалов личного имени Минодзи
Системный номер авторитетной/нормативной записи 237149
Идентификатор авторитетной/нормативной записи RU\NLR\AUTH\770237205
702 #1 - ИМЯ ЛИЦА - ВТОРИЧНАЯ ОТВЕТСТВЕННОСТЬ
Начальный элемент ввода Румак
Часть имени, кроме начального элемента ввода Н. Г.
Расширение инициалов личного имени Наталья Григорьевна
Код отношения Переводчик
712 02 - НАИМЕНОВАНИЕ ОРГАНИЗАЦИИ - ВТОРИЧНАЯ ОТВЕТСТВЕННОСТЬ
Код отношения Прочие
Графика поля Кириллица
-- Латинская
Начальный элемент ввода Ubisoft, компания
Идентифицирующий признак Монтрёй
Системный номер авторитетной/нормативной записи 778953
Идентификатор авторитетной/нормативной записи RU\NLR\AUTH\880556008
852 ## - МЕСТОНАХОЖДЕНИЕ И ШИФР ХРАНЕНИЯ
Идентификатор организации NLR
Шифр хранения (Call Number) 2021-3/27044
942 ## - ДОПОЛНИТЕЛЬНЫЕ ЭЛЕМЕНТЫ ЗАПИСИ (АБИС)
Тип экземпляра АБИС Книга

Нет доступных экземпляров.